KOHA-Header-6

Automatic Control System (Record no. 33)

000 -LEADER
fixed length control field 00259nam a2200109Ia 4500
008 - FIXED-LENGTH DATA ELEMENTS--GENERAL INFORMATION
fixed length control field 190722s9999 xx 000 0 und d
100 ## - MAIN ENTRY--PERSONAL NAME
Personal name S. Hasan Saeed
245 #0 - TITLE STATEMENT
Title Automatic Control System
260 ## - PUBLICATION, DISTRIBUTION, ETC. (IMPRINT)
Place of publication, distribution, etc New Delhi
Name of publisher, distributor, etc S.K Kataria
Date of publication, distribution, etc 2014
300 ## - PHYSICAL DESCRIPTION
Extent 680
942 ## - ADDED ENTRY ELEMENTS (KOHA)
Koha item type Books
Holdings
Withdrawn status Lost status Source of classification or shelving scheme Damaged status Not for loan Collection code Permanent Location Current Location Shelving location Date acquired Total Checkouts Full call number Barcode Date last seen Date checked out Price effective from Koha item type
          Electrical Engineering MAJU MAJU Shelf No.A34 2019-07-22 1 629.8 6659 2020-02-11 2019-09-18 2019-07-22 Electrical Engineering

Powered by Koha